Gazetteer of the Bannu District, 1883-84. (Record no. 330697)

000 -LEADER
fixed length control field 00690nam a22002177a 4500
001 - CONTROL NUMBER
control field 4358372
003 - CONTROL NUMBER IDENTIFIER
control field NUST
005 - DATE AND TIME OF LATEST TRANSACTION
control field 20180116124517.0
008 - FIXED-LENGTH DATA ELEMENTS--GENERAL INFORMATION
fixed length control field 900221r1989 pk 000 0 eng
010 ## - LIBRARY OF CONGRESS CONTROL NUMBER
LC control number 89932083
040 ## - CATALOGING SOURCE
Original cataloging agency DLC
Transcribing agency DLC
050 00 - LIBRARY OF CONGRESS CALL NUMBER
Classification number MLCM 95/12606 (D)
082 ## - DEWEY DECIMAL CLASSIFICATION NUMBER
Classification number 954.124
Author Mark GAZ
245 00 - TITLE STATEMENT
Title Gazetteer of the Bannu District, 1883-84.
246 17 - VARYING FORM OF TITLE
Title proper/short title Punjab gazetteer, Bannu District
260 ## - PUBLICATION, DISTRIBUTION, ETC.
Place of publication, distribution, etc. Lahore, Pakistan :
Name of publisher, distributor, etc. Sang-e-Meel Publications,
Date of publication, distribution, etc. 1989.
300 ## - PHYSICAL DESCRIPTION
Extent xii, 229 p. ;
Dimensions 25 cm.
500 ## - GENERAL NOTE
General note Previously published.
650 ## - SUBJECT ADDED ENTRY--TOPICAL TERM
Topical term or geographic name entry element Bannu- District Peshawar
9 (RLIN) 3665
906 ## - LOCAL DATA ELEMENT F, LDF (RLIN)
a 7
b cbc
c orignew
d 3
e ncip
f 19
g y-gencatlg
942 ## - ADDED ENTRY ELEMENTS (KOHA)
Source of classification or shelving scheme
Koha item type Book
Holdings
Withdrawn status Lost status Source of classification or shelving scheme Damaged status Not for loan Collection code Permanent Location Current Location Shelving location Date acquired Total Checkouts Full call number Barcode Date last seen Copy number Price effective from Koha item type
            Central Library (CL) Central Library (CL) Book Cart 07/31/2017   954.124 GAZ CL2848 07/31/2017 1 07/31/2017 Book
© 2023 Central Library, National University of Sciences and Technology. All Rights Reserved.